TEXTBOOK OF PHARMACOGNOSY AND PHYTOCHMISTRY-I (Record no. 6290)

MARC details
000 -LEADER
fixed length control field 00465nam a22001817a 4500
005 - DATE AND TIME OF LATEST TRANSACTION
control field 20210825165355.0
008 - FIXED-LENGTH DATA ELEMENTS--GENERAL INFORMATION
fixed length control field 200518b xxu||||| |||| 00| 0 eng d
020 ## - INTERNATIONAL STANDARD BOOK NUMBER
ISBN 9789384875350
041 ## - LANGUAGE CODE
Language code of text/sound track or separate title eng
082 ## - DEWEY DECIMAL CLASSIFICATION NUMBER
Classification number 615.19 DAH
100 ## - MAIN ENTRY--AUTHOR NAME
Personal name Dahiv Randhir Singh
245 ## - TITLE STATEMENT
Title TEXTBOOK OF PHARMACOGNOSY AND PHYTOCHMISTRY-I
250 ## - EDITION STATEMENT
Edition statement 1'st
260 ## - PUBLICATION, DISTRIBUTION, ETC. (IMPRINT)
Place of publication Modinagar (UP)
Name of publisher Unnati Publication
Year of publication 2020
300 ## - PHYSICAL DESCRIPTION
Number of Pages 188
650 ## - SUBJECT ADDED ENTRY--TOPICAL TERM
Topical Term Pharmacy
942 ## - ADDED ENTRY ELEMENTS (KOHA)
Koha item type Books
Holdings
Lost status Damaged status Collection code Home library Current library Shelving location Date acquired Source of acquisition Cost, normal purchase price Full call number Accession Number Koha item type
    PHARMACY JRU Library JRU Library Shelf - 25- C 18/05/2020 PURCHASE 129.00 615.19 DAH 24039 Books
    PHARMACY JRU Library JRU Library Shelf - 25- C 18/05/2020 PURCHASE 129.00 615.19 DAH 24040 Books
    PHARMACY JRU Library JRU Library Shelf - 25- C 18/05/2020 PURCHASE 129.00 615.19 DAH 24041 Books
    PHARMACY JRU Library JRU Library Shelf - 25- C 18/05/2020 PURCHASE 129.00 615.19 DAH 24042 Books
    PHARMACY JRU Library JRU Library SHELF-4-B 18/05/2020 PURCHASE 129.00 615.19 DAH 24043 Books